Corpus Linguistics: A short introduction
Saved in:
| Main Authors: | , |
|---|---|
| Format: | Bog |
| Sprog: | engelsk |
| Udgivet: |
Londres
Continuum
2007
|
| Fag: | |
| Tags: |
Tilføj Tag
Ingen Tags, Vær først til at tagge denne postø!
|
MARC
| LEADER | 00000nam a2200000 a 4500 | ||
|---|---|---|---|
| 001 | UCH3548 | ||
| 003 | CL-VaPUC | ||
| 008 | 090806e20070000UK |||||||||||||||||eng|d | ||
| 020 | |a 0826494811 | ||
| 082 | 0 | 4 | |a 465 |b TEU |2 21 |
| 100 | 0 | |a Teubert, Wolfgang |e author |9 538871 | |
| 700 | 0 | |a Cermáková, Anna |e author |9 538872 | |
| 245 | 1 | 0 | |a Corpus Linguistics: A short introduction |
| 300 | |a 154 p | ||
| 942 | |c BK | ||
| 945 | |d 20090806 00:00:00 |a dcastane | ||
| 260 | |a Londres |b Continuum |c 2007 | ||
| 650 | 0 | |a Lingüística |9 265068 | |
| 650 | 0 | |a Investigación lingüística |9 329785 | |
| 650 | 0 | |a Corpus lingüístico |9 483834 | |
| 650 | 7 | |a MORFOSINTAXIS |2 CL-VaPUC |9 387664 | |
| 650 | 0 | |a Gramática |9 270497 | |
| 583 | |a last modification |c 20090806 00:00:00 |k Rodrigo Vera | ||
| 999 | |c 335031 |d 335029 | ||
| 952 | |0 0 |1 0 |4 0 |6 465_000000000000000_TEU_2007 |7 0 |8 A |9 424532 |a FDOPOS |b FDOPOS |d 2019-11-22 |i 4583256 |o 465 TEU 2007 |p 4583256 |r 2025-01-22 |w 2019-11-22 |y BK |k DLA | ||